America: (Record no. 6612)

000 -LEADER
fixed length control field 00574nam a2200169 4500
008 - FIXED-LENGTH DATA ELEMENTS--GENERAL INFORMATION
fixed length control field 150928b xxu||||| |||| 00| 0 eng d
020 ## - INTERNATIONAL STANDARD BOOK NUMBER
International Standard Book Number 9780393934090
050 ## - LIBRARY OF CONGRESS CALL NUMBER
Classification number E 178.1 .T55 2009
100 ## - MAIN ENTRY--PERSONAL NAME
Personal name Tindall, George Brown.
Dates associated with a name 2009.
245 ## - TITLE STATEMENT
Title America:
Remainder of title A narrative history.
Statement of responsibility, etc. George Brown Tindsall; David Emory Shi.
250 ## - EDITION STATEMENT
Edition statement 8th ed.
260 ## - PUBLICATION, DISTRIBUTION, ETC. (IMPRINT)
Place of publication, distribution, etc. New York;
Name of publisher, distributor, etc. W. W. Norton & company,
Date of publication, distribution, etc. 2009.
300 ## - PHYSICAL DESCRIPTION
Extent xx, 551[203] p. : ill.
Other physical details Includes index.
650 ## - SUBJECT ADDED ENTRY--TOPICAL TERM
Topical term or geographic name as entry element America history.
700 ## - ADDED ENTRY--PERSONAL NAME
Personal name Shi, David Emory.
942 ## - ADDED ENTRY ELEMENTS (KOHA)
Source of classification or shelving scheme
Koha item type Hard Covered Materials
Classification part E 178.1 .T55 2009
Holdings
Withdrawn status Lost status Source of classification or shelving scheme Damaged status Not for loan Home library Current library Date acquired Source of acquisition Total Checkouts Full call number Barcode Date last seen Price effective from Koha item type
          MACHAKOS UNIVERSITY LIBRARY MACHAKOS UNIVERSITY LIBRARY 28/09/2015 Donation(B.F.A)   E 178.1 .T55 2009 8137 28/09/2015 28/09/2015 Hard Covered Materials
© Machakos University Library, Along The Highway, Machakos Wote Rd, Machakos, Kenya P.O. Box 136 - 90100 Machakos - Kenya

Tel: ( +254 ) 723 805829 OR Fax : 044-20353 OR Email: library@mksu.ac.ke